000 00322 a2200109 4500
001 ART_39004
005 20260410161804.0
008 260409a
245 1 0 _aEl mito de la infracapitalización
100 1 _aDasso, Ariel G.
773 0 _tDoctrina Societaria y Concursal
_g- Nº 324 (nov. 2014)
_wREV4298
999 _c20839
_d20839